Statistiques concernant Lions de fiction par images

Cliquez ici pour prendre le quiz!

Statistiques générales

  • Ce quiz a été pris 88 fois
  • Le résultat moyen est 4 sur 20

Statistiques - réponses

Réponse% Correct
Scar
94%
Alex
63%
Aslan
63%
Prince Jean
49%
Némélios
27%
Leodore Lionheart
17%
Philéas Fog
16%
Kon
12%
Rengar
11%
Laval
10%
Lion Peureux
6%
Leomon
5%
Kerobero
4%
Toubrave
4%
Léonard
2%
Roi Leonidas
2%
World Cup Willie
2%
Anhur
1%
Big Red Dot
1%
Blazion
1%

Distribution des résultats

Percentile par nombre de réponses

% des personnes avec chaque résultat

Votre développement - résultats

Vous n’avez pas pris ce quiz